نشرة الإسكان في مصر عام 2017/2018. Bulletin of Housing In Egypt 2017/2018 /

يعتبر الإسكان من متطلبات الحياة الأساسية وهو من أكثر المشاكل تفاقما بسبب الزيادة السكانية الكبيرة والطلب المتزايد على الوحدات السكنية حيث انه يعتبر مشكلة تتغير مع التطور الاجتماعى والاقتصادى للشعوب ليس فقط لسد احتياجات المجتمع من الوحدات السكنية ولكن لمواجهة متطلباته الأساسية....

全面介绍

Saved in:
书目详细资料
主要作者: الجهاز المركزي للتعبئة العامة والإحصاء
企业作者: الجهاز المركزى للتعبئة العامة والإحصاء
格式: 图书
语言:阿拉伯语
出版: القاهرة : الجهاز المركزى للتعبئة العامة والإحصاء. 2018
主题:
标签: 添加标签
没有标签, 成为第一个标记此记录!

MARC

LEADER 00000nam a22000007a 4500
003 INP
005 20200912165710.0
008 180304buuuuuuuuua ja||f |||| 00| 0 ara d
952 |0 0  |1 0  |4 0  |6 309_262000000000000_ن_ش_2017_2018  |7 0  |9 19764  |a INP  |b INP  |c JOUR  |d 2019-08-05  |l 0  |o 309.262 ن ش 2017/2018  |p 020621  |r 2022-03-28 00:00:00  |w 2019-08-05  |y PUB 
999 |c 16225  |d 16225 
040 |a EG-INP  |b ara  |c EG-INP 
082 0 4 |2 21  |a 309.262  |b ن ش 2017/2018 
100 |a الجهاز المركزي للتعبئة العامة والإحصاء 
245 0 0 |a نشرة الإسكان في مصر عام 2017/2018.  |b Bulletin of Housing In Egypt 2017/2018 /  |c الجهاز المركزي للتعبئة العامة والإحصاء 
260 |a القاهرة :  |b الجهاز المركزى للتعبئة العامة والإحصاء.  |c 2018 
300 |a 39 ص. ؛  |c 24 سم. 
310 |a سنوى. 
500 |a مرجع رقم 71-21123-2018 
500 |a يبنى الوصف على يوليو 2019 
520 |a يعتبر الإسكان من متطلبات الحياة الأساسية وهو من أكثر المشاكل تفاقما بسبب الزيادة السكانية الكبيرة والطلب المتزايد على الوحدات السكنية حيث انه يعتبر مشكلة تتغير مع التطور الاجتماعى والاقتصادى للشعوب ليس فقط لسد احتياجات المجتمع من الوحدات السكنية ولكن لمواجهة متطلباته الأساسية. 
650 7 |2 qrmak  |a الجهاز المركزى للتعبئة العامة والإحصاء. 
650 7 |2 qrmak  |a الإسكان. 
650 7 |2 qrmak  |a المدن، تخطيط. 
650 7 |2 qrmak  |a الأراضى. 
650 7 |2 qrmak  |a التخطيط الإقليمى. 
650 7 |2 qrmak  |a جمعيات الإسكان. 
650 7 |2 qrmak  |a الإسكان والصحة. 
650 7 |2 qrmak  |a المبانى. 
650 7 |2 qrmak  |a الإسكان  |z مصر. 
710 2 |a الجهاز المركزى للتعبئة العامة والإحصاء. 
901 |a inp35 
902 |a egpv34 
903 |a original 
942 |2 ddc  |c PUB